| 000 -CABECERA |
| campo de control de longitud fija |
00912nam a2200289 u 4500 |
| 001 - NÚMERO DE CONTROL |
| campo de control |
000034779 |
| 005 - FECHA Y HORA DE LA ÚLTIMA TRANSACCIÓN |
| campo de control |
20200120222228.0 |
| 008 - DATOS DE LONGITUD FIJA--INFORMACIÓN GENERAL |
| campo de control de longitud fija |
091120s2007 sp er 000 p spa d |
| 020 ## - NÚMERO INTERNACIONAL ESTÁNDAR DEL LIBRO |
| Número Internacional Estándar del Libro |
9788496822092 |
| 041 0# - CÓDIGO DE LENGUA |
| Código de lengua del texto/banda sonora o título independiente |
-spa |
| 090 ## - LOCALMENTE ASIGNADO TIPO-LC NÚMERO DE CLASIFICACIÓN (OCLC); NÚMERO DE CLASIFICACIÓN LOCAL (RLIN) |
| Número de clasificación (OCLC) (R) ; Numero de clasificación, CALL (RLIN) (NR) |
AP |
| Número cutter local (OCLC) ; Número de libro/Signatura topográfica íntegra, CALL (RLIN) |
MIO |
| 245 01 - MENCIÓN DE TÍTULO |
| Título |
¡Mio cid! / |
| Mención de responsabilidad, etc. |
Antonio Orejudo, Luisgé Martín, Rafael Reig. |
| 250 ## - MENCIÓN DE EDICIÓN |
| Mención de edición |
1a. ed. |
| 260 ## - PUBLICACIÓN, DISTRIBUCIÓN, ETC. |
| Lugar de publicación, distribución, etc. |
Madrid : |
| Nombre del editor, distribuidor, etc. |
451 Editores, |
| Fecha de publicación, distribución, etc. |
2007. |
| 300 ## - DESCRIPCIÓN FÍSICA |
| Extensión |
108 p. |
| 490 #0 - MENCIÓN DE SERIE |
| Mención de serie |
451.Re: |
| Designación de volumen o secuencia |
1 |
| 505 0# - NOTA DE CONTENIDO CON FORMATO |
| Título |
El destierro / |
| Mención de responsabilidad |
Antonio Orejudo |
| 505 0# - NOTA DE CONTENIDO CON FORMATO |
| Título |
Las bodas de las hijas del Cid / |
| Mención de responsabilidad |
Luigé Martín |
| 505 0# - NOTA DE CONTENIDO CON FORMATO |
| Título |
La afrenta de Corpes / |
| Mención de responsabilidad |
Rafael Reig |
| 600 04 - PUNTO DE ACCESO ADICIONAL DE MATERIA--NOMBRE DE PERSONA |
| Nombre de persona |
Cid |
| Fechas asociadas al nombre |
ca. 1043-1099 |
| Subdivisión general |
Crítica e interpretación |
| 630 04 - PUNTO DE ACCESO ADICIONAL DE MATERIA--TÍTULO UNIFORME |
| Título uniforme |
Cantar de Mio Cid |
| Subdivisión general |
Crítica e interpretación |
| 650 14 - PUNTO DE ACCESO ADICIONAL DE MATERIA--TÉRMINO DE MATERIA |
| Término de materia o nombre geográfico como elemento de entrada |
Poesía épica |
| 650 24 - PUNTO DE ACCESO ADICIONAL DE MATERIA--TÉRMINO DE MATERIA |
| Término de materia o nombre geográfico como elemento de entrada |
Literatura española |
| 700 1# - PUNTO DE ACCESO ADICIONAL--NOMBRE DE PERSONA |
| Nombre de persona |
Orejudo Utrilla, Antonio |
| Fechas asociadas al nombre |
1963- |
| 700 1# - PUNTO DE ACCESO ADICIONAL--NOMBRE DE PERSONA |
| Nombre de persona |
Martín, Luis G. |
| Fechas asociadas al nombre |
1962- |
| 700 1# - PUNTO DE ACCESO ADICIONAL--NOMBRE DE PERSONA |
| Nombre de persona |
Reig, Rafael |
| Fechas asociadas al nombre |
1963- |